Quizzes
Events
Quiz Creation
Community
Videos
Private Events
Remove Ads
Sign In
Join for FREE
Feedback
Dark Mode
Quiz Categories
Sports
Geography
Music
Movies
Television
Just For Fun
Miscellaneous
History
Literature
Language
Science
Gaming
Entertainment
Religion
Holiday
For Kids
Quiz Lab
Recent
Popular Today
Quiz Kudos Today
Editor Picks
Curator Picks
Quizzes by...
Day
Popularity
Type
Ratings
Length
Year
Community
Subscriptions
Recent Discussions
Orange Saloon
Badges
Playlists
Quests
Create
Leaderboards
Showdown
Live 5
Trivia Bingo
Activity
Puzzle Library
Sporcle Events
Private Events
Virtual Trivia
Globe League
Become a Host
Pub Owners
SporcleCon
Opinionation
Our Games
Videos
Blog
Mobile Apps
Partnerships
Remove Ads and Go Orange
Feedback
Just For Fun
Clickable
Get the Picture
Humor
Quick Pick
Word Ladder
Missing Word
Mixed Word
Blitz
Minefield
This or That
Alphabet
Color
Typing
Sporcle
Puzzle
Word Play
Follow That Line
Logic
Just For Fun
Clickable
Get the Picture
Humor
Quick Pick
Word Ladder
Missing Word
Mixed Word
Blitz
Minefield
This or That
Alphabet
Color
Typing
Sporcle
Puzzle
Word Play
Follow That Line
Logic
Random Quiz
Search Sporcle
×
Quiz Lab
Quiz Lab
Just For Fun
Type in answers that appear in a list
Type in answers that appear in a list
Classic
Best Score? Go Orange.
Can You Guess What it is Yet? Stats
Can you name the thing that they are?
By
corbyjenks
5m
40 Questions
175 Plays
175 Plays
175 Plays
Comments
Comments
Give Quiz Kudos
Give Quiz Kudos
-
- Ratings
hide this ad
Replay
Link that replays current quiz
Next Quiz
Link to next quiz in quiz playlist
You Got
0%
They Got
Avg Score
62%
Avg Friend Score
Upgrade to see
Score Distribution
Jump to the score distribution portion of the page
Score
0/40
Timer
05:00
0
Plays Today
Types
Thing
% Correct
FORD -
VAUXHALL -
SUBARU
CAR MANUFACTURER
94.9%
SITCOM -
SOAP -
DOCUMENTARY
TV SHOWS
90.9%
TOY STORY -
THE INCREDIBLES -
A BUGS LIFE
PIXAR MOVIES
88.6%
LIPSTICK -
MASCARA -
BLUSHER
MAKEUP
86.3%
HAIL -
TORNADO -
SUNNY
WEATHER
85.1%
FEMUR -
ANVIL -
FIBULA
BONES
84.6%
ASH -
WILLOW -
SEQUOIA
TREES
82.9%
SPARKLING -
SPRING -
DISTILLED
BOTTLED WATER
82.9%
IRON -
TITANIUM -
TIN
METALS
82.9%
SISTER -
AUNT -
NEPHEW
RELATIVES
82.9%
KING -
DOUBLE -
QUEEN
BED
80.6%
VENUS -
JUPITER -
MERCURY
PLANETS
80.6%
BLOUSE -
SHORTS -
JUMPER
CLOTHING
78.9%
SNAPDRAGON -
CARNATION -
DANDELION
FLOWER
78.3%
HALOGEN -
60W -
ENERGY SAVING
LIGHTBULB
77.7%
COLON -
SPLEEN -
KIDNEY
INTERNAL ORGANS
77.1%
SANDSTONE -
PUMICE -
GRANITE
ROCK
71.4%
HELIUM -
NITROUS OXIDE -
CARBON DIOXIDE
GASES
69.7%
CELLO -
VIOLA -
PICCOLO
MUSICAL INSTRUMENT
69.7%
ROLLER -
VENETIAN -
VERTICAL
BLIND
67.4%
Types
Thing
% Correct
ORION -
LEO -
THE PLOUGH
CONSTELLATIONS
64%
PRIMARY -
NURSERY -
SECONDARY
SCHOOL
64%
NECKLACE -
EARRING -
BROOCH
JEWELLERY
62.9%
HENRY VIII -
ELIZABETH I -
RICHARD II
MONARCH OF ENGLAND
62.3%
SEMI DETACHED -
BUNGALOW -
DETACHED
HOUSE
60%
NUCLEAR -
SOLAR -
COAL
POWER PLANTS
58.9%
3 PIECE SUITE -
DINING TABLE -
DRAWERS
FURNITURE
56%
FIRE -
AMBULANCE -
MOUNTAIN RESCUE
EMERGENCY SERVICES
52.6%
NIKE -
REEBOK -
LONSDALE
SPORTS BRAND
52%
UNI -
TANDEM -
PENNY FARTHING
BICYCLE
49.1%
SLEDGE -
BALL PEIN -
CLAW
HAMMER
48.6%
TWIN -
SEPTUPLET -
QUADRUPLET
MULTIPLE BIRTHS
43.4%
JACK NICKLAUS -
ROGER FEDERER -
RONALDO
SPORTSMEN
42.9%
MOTORWAY -
A -
B
ROADS
40.6%
DESERT -
COASTAL -
TUNDRA
TERRAIN
37.1%
GANYMEDE -
DIEMOS -
CALLISTO
MOON
28%
DIGGER -
DUMPERTRUCK -
BULLDOZER
CONSTRUCTION EQUIPMENT
27.4%
MEKONG -
OB -
TRENT
RIVERS
23.4%
KANCHENJUNGA -
PUNCAK JAYA -
EIGER
MOUNTAIN
10.9%
SONY -
LG -
PANASONIC
ELECTRICAL MANUFACTURER
10.3%
Quiz Playlist
Details
Report
Send in Message
Add To Playlist
Classic:
Type in answers that appear in a list
Last Updated: Feb 16, 2017
Quiz Scoreboard
CHALLENGE
Sign Up to Join the Scoreboard
Show All
Scores
Hide
Comments
May contain spoilers
Recently Published
Pick 6: Fruits
by JohnFran
Miscellaneous
15s
Click the 1999 NBA Draft
by nibperrychub
Sports
2m
Alphabetical 'K' Countries by Flag Minefield
by ylime102
Geography
3m
More to Explore
Quiz From the Vault
Featured Blog Post
15 Basketball Trivia Facts You Can Be March Mad About
hide this ad
You Might Also Like...
Tags
This quiz does not have any tags.
Today's Top Quizzes in Just For Fun
Browse Just For Fun
hide this ad
Top Contributed Quizzes in Just For Fun
1
Seasons
2
Pick 6: Letters
3
Pick 6: Foods
4
Pick 6: Colors
5
Quick Pick: Spring Things
6
Just Another 1-25 Logic Puzzle
7
Four Seasons
8
Big Bang Theory Logic Puzzle
9
LogiCrossword: Seasons of Year
10
Spring Blitz
Explore More
Trending Topics
Disney
Kpop
Crossword
Harry Potter
Anime
NBA
Marvel
NFL
Song
Pokémon
WWE
Soccer
Puzzle
Country
The Office
hide this ad
More By:
corbyjenks
Quiz
Plays
Rating
Category
Featured
Created
Pub Quiz Easy
5,566
3.75
Miscellaneous
Nov 1, 2009
Pub Quiz Medium
4,217
3.60
Miscellaneous
Nov 1, 2009
Pub Quiz Hard
3,416
3.33
Just For Fun
Nov 1, 2009
A-Z Largest Towns and Cities in England
2,741
4.09
Geography
Oct 10, 2009
3 Colour European Flags
1,572
2.86
Geography
Jun 10, 2010
Go to Creator's Profile
Score Distribution
Quiz Creator Spotlight
corbyjenks
Follow
Send a Message
Quizzes Created
-
Created Quiz Play Count
-
More By This Creator
Popular Quizzes Today
1
Countries of Asia Without Outlines Minefield
2
Find the US States - No Outlines Minefield
3
Pick 6: Fruits
4
Alphabetical 'K' Countries by Flag Minefield
5
The Countries of the World
6
Find the US States
7
Match the Book to the Film X
8
US States
More Just For Fun Quizzes
Quick Puns Blitz
Published
Trending Quizzes
Pick 6: Harry Potter
Pick 6: Mountains
Pick 6: NFL Teams
Pick 6: Movie Franchises
Pick 6: Golfers
Recently Updated
NWSL Teams
pecheneg
Women's Final Four Teams by Year
bhenderson79
Presidents Quartet II
eogle
Anything But Clue(do)
eogle
Anything But Oceanian Capitals
eogle
Anything But 7
eogle
Anything But Thing
eogle
Word Ladder: February 29
pecheneg
Song Title Questions
pecheneg
Women's NCAA Tournament #1 Seeds
pecheneg
Trending Topics
Marvel
Harry Potter
Kpop
Anime
Crossword
NBA
Disney
The Office
Song
WWE
Soccer
NFL
Country
Puzzle
Pokémon
Your Account Isn't Verified!
In order to create a playlist on Sporcle, you need to verify the email address you used during registration. Go to your
Sporcle Settings
to finish the process.
Report this User
Report this user for behavior that violates our
Community Guidelines
.
Details:
Send Report
Go to the Sporcle.com Mobile Site →
Comments